| 000 | 00563nam a22001937a 4500 | ||
|---|---|---|---|
| 005 | 20231201120340.0 | ||
| 010 | _aENG-138514 | ||
| 020 |
_a9788170264958 _c495.00 |
||
| 035 | _aEN-122046 | ||
| 037 | _bDBAD/PUB | ||
| 082 |
_aS _21 |
||
| 100 |
_aAithal, Saligrama K _959304 |
||
| 245 |
_aHome and the World: _bA Collection of Short Stories/ _cBy Saligrama K Aithal |
||
| 250 | _a1 | ||
| 260 |
_aNew Delhi _bHeritage Publishers _c2022 |
||
| 270 |
_bNew Delhi _a19-A Ansari Road, Darya Ganj _e110002 |
||
| 300 |
_a118p. _c22cm(hbk) |
||
| 942 |
_2ddc _cEN _hS _mAIT _e1 |
||
| 999 |
_c199366 _d199366 |
||